| 000 | 01801nam a2200361 a 4500 | ||
|---|---|---|---|
| 003 | BLK | ||
| 005 | 20241120135018.0 | ||
| 008 | 180409b bul|||||r ||||||| ||bul|| | ||
| 010 | _aKNG00114009000 | ||
| 020 | _a9789545155727 | ||
| 040 | _aBLK | ||
| 041 |
_aBUL _cBUL |
||
| 080 |
_aРелигиозни гонения. Мъченици. Схизми. Ереси. Гностицизъм, агностицизъм, арианство, янсенизъм, исихазъм. Вж и 165.73; 211.5 _b27-87 _x(497.2)(092) _z27-87(497.2)(092) |
||
| 080 |
_aВениамин - син на цар Симеон Велики _b929 Боян Магьосник _z929 Боян Магьосник |
||
| 139 |
_aБоян Мага - мистерии български _bБ 74 |
||
| 245 | 1 | 0 |
_aБоян Мага - мистерии български _bюбилейно издание _cподб. и състав. Галина Владимирова |
| 257 | _aBGR | ||
| 260 |
_aСофия _bMillenium _c2022 _9216781 _f([София] : Инвестпрес) _n978-954-515- |
||
| 300 |
_a320 с. _bс ил., портр., факс. _c21 см |
||
| 380 | _a2 | ||
| 490 |
_9471869 _aКолекция Ретро |
||
| 500 | _aБиогр. данни за авт. отбелязани на гърба на кор. | ||
| 600 | 0 |
_9486369 _aБоян Магьосник |
|
| 650 | 0 |
_9486370 _aБогомилство - биографии |
|
| 650 | 0 |
_aБългария - религия _9471355 |
|
| 653 | 7 |
_9182161 _aбогомилство |
|
| 653 | 7 |
_9195460 _aрелигия |
|
| 700 |
_9486373 _aВладимирова, Галина _eподбр., състав. |
||
| 852 |
_aЦб 316239 _bЦб |
||
| 856 |
_i0.00 _ldisable |
||
| 942 |
_cKNG _n0 _s1 _03 |
||
| 944 |
_aCR _c2023-03-15 _k30529 _lДиана Гривева |
||
| 999 |
_c488986 _d488986 |
||